| 000 | 00879cab a2200229 4500 | ||
|---|---|---|---|
| 001 | WB3440-14 | ||
| 008 | 090401t1998 xxu||||| |||| 00| 0 eng d | ||
| 035 | _a(Sirsi) u89165 | ||
| 041 | _aeng | ||
| 245 | _aReport on English Partnerships | ||
| 260 | _c1998 | ||
| 350 | _a0 | ||
| 490 |
_aDETR News Release _v(850) 15 October 1998 (1) |
||
| 520 | _aAn interim report evaluating the work of English Partnerships has been published in advance of the establishment of the Regional Development Agencies next April. Copies of the report "Interim evaluation of English Partnerships: review of structure, strategy and practices" are available from the DETR. | ||
| 650 | _aENGLISH PARTNERSHIPS | ||
| 650 | _aEVALUATION | ||
| 650 | _aINTERIM REPORTS | ||
| 650 | _aREGIONAL DEVELOPMENT AGENCIES | ||
| 690 | _aPROPERTY-PROPERTY DEVELOPMENT | ||
| 942 | _n0 | ||
| 948 | _c21/10/1998 | ||
| 999 |
_c56387 _d56387 |
||